| 000 | 00525nam a2200181Ia 4500 | ||
|---|---|---|---|
| 003 | LK-CoDNM | ||
| 008 | 010623t2011 xxu||||| |||| 00| 1 sin d | ||
| 040 |
_aLK-CoDNM _dLK-CoDNM _eLK-CoDNM |
||
| 041 | _asin | ||
| 080 |
_a355.55 _bPER |
||
| 100 |
_aMarcus,Anton _eed. |
||
| 245 | _a''මැයි 24 '' පෙර හා පසු | ||
| 246 | _a'May 24"Pera ha Pasu | ||
| 260 |
_bNidahas Welada Kalapa saha Podu Sewaka Sawa Sangamaya _aColombo _c2011 |
||
| 300 | _b235, iill, 21 cm | ||
| 700 | _aPerera,Kusal | ||
| 942 | _cBK | ||
| 999 |
_c131492 _d131492 |
||